| 000 | 00378 a2200169 4500 | ||
|---|---|---|---|
| 001 | 188443 | ||
| 020 | _a978-5-377-0686-2 | ||
| 040 | _cMagnum | ||
| 100 | _aValle, Mariana Guelero do | ||
| 240 | 1 | 0 |
_aCiências em cena 9 _lpor |
| 245 | 1 | 0 | _aCiências em cena 9 |
| 300 | _a376 | ||
| 362 | 0 | _a2008 | |
| 440 | 1 | _aEscala Educacional | |
| 697 | _aCIÊNCIAS PURAS | ||
| 942 | _cBK | ||
| 999 |
_c188443 _d188443 |
||